| 000 | 00886nam a2200265 i 4500 | ||
|---|---|---|---|
| 001 | 62787 | ||
| 003 | ES-MaACL | ||
| 005 | 20230906164728.0 | ||
| 007 | t| | ||
| 008 | 031126s1986 sp ||||1| spa d | ||
| 020 | _a84-7434-340-2 | ||
| 080 | _a331-055.24:33 | ||
| 100 | 1 |
_aFernández Méndez de Andés, Fernando. _949922 |
|
| 245 | 1 | 3 |
_aLa participación laboral de la mujer : _bun análisis microeconómico / _cFernando Fernández Méndez de Andés. |
| 260 |
_aMadrid : _bMinisterio de Trabajo y Seguridad Social, _c[1986] |
||
| 300 |
_a243 p. ; _c22 cm. |
||
| 490 | 1 | _aTesis doctorales | |
| 504 | _aBibliografía: p. [219]-243. | ||
| 650 | 4 |
_aMujeres- _xTrabajo. _915318 |
|
| 710 | 1 |
_aEspaña. _bMinisterio de Trabajo y Seguridad Social. _93936 |
|
| 830 | 1 |
_aTesis doctorales _9177408 |
|
| 852 | 4 |
_aES-MaACL _jL-11045 |
|
| 852 | 4 |
_aES-MaACL _jL-11107 |
|
| 999 |
_c62787 _d62787 |
||